| 000 | 00732nam a2200217 i 4500 | ||
|---|---|---|---|
| 001 | 126665 | ||
| 003 | ES-MaACL | ||
| 005 | 20230906192846.0 | ||
| 007 | t| | ||
| 008 | 070214s1934 sp r ||||1| spa d | ||
| 080 | _a025.3 | ||
| 245 | 0 | 0 |
_aReglas de catalogación / _cpor las alumnas de los cursos de Biblioteconomía de la Residencia de Señoritas. |
| 260 |
_aMadrid : _bResidencia de Señoritas, _c1934 ( _fTall. Espasa-Calpe) |
||
| 300 |
_a102 p. ; _c25 cm. |
||
| 490 | 1 | _aPublicaciones de "libros" | |
| 650 | 4 |
_aCatalogación bibliográfica- _xNormas. _910839 |
|
| 710 | 2 |
_aResidencia de Señoritas (Madrid) _96439 |
|
| 830 | 1 |
_aPublicaciones de "libros" _9219128 |
|
| 852 | 4 |
_aES-MaACL _jC-43654 |
|
| 999 |
_c126665 _d126665 |
||